<?xml version="1.0" encoding="UTF-8"?><?xml-stylesheet type="text/xsl" href="static/style.xsl"?><OAI-PMH xmlns="http://www.openarchives.org/OAI/2.0/" xmlns:xsi="http://www.w3.org/2001/XMLSchema-instance" xsi:schemaLocation="http://www.openarchives.org/OAI/2.0/ http://www.openarchives.org/OAI/2.0/OAI-PMH.xsd"><responseDate>2026-05-12T01:04:42Z</responseDate><request verb="GetRecord" identifier="oai:riubu.ubu.es:10259/11598" metadataPrefix="marc">https://riubu.ubu.es/oai/request</request><GetRecord><record><header><identifier>oai:riubu.ubu.es:10259/11598</identifier><datestamp>2026-05-09T00:05:54Z</datestamp><setSpec>com_10259_7463</setSpec><setSpec>com_10259_5086</setSpec><setSpec>com_10259_2604</setSpec><setSpec>col_10259_7464</setSpec></header><metadata><record xmlns="http://www.loc.gov/MARC21/slim" xmlns:doc="http://www.lyncode.com/xoai" xmlns:xsi="http://www.w3.org/2001/XMLSchema-instance" xmlns:dcterms="http://purl.org/dc/terms/" xsi:schemaLocation="http://www.loc.gov/MARC21/slim http://www.loc.gov/standards/marcxml/schema/MARC21slim.xsd">
<leader>00925njm 22002777a 4500</leader>
<datafield tag="042" ind1=" " ind2=" ">
<subfield code="a">dc</subfield>
</datafield>
<datafield tag="720" ind1=" " ind2=" ">
<subfield code="a">Portugal Gómez, Paula</subfield>
<subfield code="e">author</subfield>
</datafield>
<datafield tag="720" ind1=" " ind2=" ">
<subfield code="a">Svigelj, Rossella</subfield>
<subfield code="e">author</subfield>
</datafield>
<datafield tag="720" ind1=" " ind2=" ">
<subfield code="a">Zanette, Fabiola</subfield>
<subfield code="e">author</subfield>
</datafield>
<datafield tag="720" ind1=" " ind2=" ">
<subfield code="a">Toniolo, Rosanna</subfield>
<subfield code="e">author</subfield>
</datafield>
<datafield tag="720" ind1=" " ind2=" ">
<subfield code="a">Domínguez Renedo, Olga</subfield>
<subfield code="e">author</subfield>
</datafield>
<datafield tag="720" ind1=" " ind2=" ">
<subfield code="a">Alonso Lomillo, Mª Asunción</subfield>
<subfield code="e">author</subfield>
</datafield>
<datafield tag="260" ind1=" " ind2=" ">
<subfield code="c">2025-05</subfield>
</datafield>
<datafield tag="520" ind1=" " ind2=" ">
<subfield code="a">The use of environmentally friendly, cost-effective and biodegradable deep eutectic solvents (DESs) as nonaqueous solvents and electrolytes offers a promising avenue for enhancing enzymatic sensors and extending their applicability to the gas phase. In this study, an assembly is presented that includes a paper crown modified with tyrosinase enzyme, soaked in a DES and positioned on a disposable screen-printed carbon electrode. The paper crown contacts the outer edge of the carbon disk working electrode, as well as the peripheral counter and reference electrodes. This assembly yields a portable and disposable electrochemical platform, effortlessly immobilising DESs onto a porous and economical supporting material like paper. Moreover, the entire configuration resulted in a sensitive, rapidly responsive, membrane-free gas sensor whose response time depended exclusively on the enzymatic reaction. The electroanalytical capabilities of this setup were evaluated through voltammetric and amperometric determinations of phenols in synthetic and real wine samples. The proposed gas enzymatic sensor demonstrated excellent analytical performance for detecting phenolic compounds, offering fast measurement times, simple operation, high sensitivity, wide linear range and good repeatability.</subfield>
</datafield>
<datafield tag="024" ind2=" " ind1="8">
<subfield code="a">0026-3672</subfield>
</datafield>
<datafield tag="024" ind2=" " ind1="8">
<subfield code="a">https://hdl.handle.net/10259/11598</subfield>
</datafield>
<datafield tag="024" ind2=" " ind1="8">
<subfield code="a">10.1007/s00604-025-07218-6</subfield>
</datafield>
<datafield tag="024" ind2=" " ind1="8">
<subfield code="a">1436-5073</subfield>
</datafield>
<datafield ind1=" " ind2=" " tag="653">
<subfield code="a">Phenols</subfield>
</datafield>
<datafield ind1=" " ind2=" " tag="653">
<subfield code="a">Screen-printed carbon electrodes</subfield>
</datafield>
<datafield ind1=" " ind2=" " tag="653">
<subfield code="a">Nanomaterials</subfield>
</datafield>
<datafield ind1=" " ind2=" " tag="653">
<subfield code="a">Gas sensor</subfield>
</datafield>
<datafield ind1=" " ind2=" " tag="653">
<subfield code="a">Deep eutectic solvents</subfield>
</datafield>
<datafield ind1=" " ind2=" " tag="653">
<subfield code="a">Wine analysis</subfield>
</datafield>
<datafield tag="245" ind1="0" ind2="0">
<subfield code="a">Gas sensor for 4-ethylguaiacol detection based on tyrosinase enzymatic activity in a deep eutectic solvent</subfield>
</datafield>
</record></metadata></record></GetRecord></OAI-PMH>